000 00365nam a2200157Ia 4500
005 20250425161238.0
008 250425s9999 xx 000 0 und d
041 _aspa
082 _aIBM4381
245 0 _aINTRODUCCION GENERAL A LA CRITICA DE LA ECONO
250 _aS.E.
260 _aS.L.
260 _aSin Pais
_bCUPP
_c1976
942 _c01
010 _a16004
999 _c205334
_d205334